01051cam a2200253u 450000100060000000300080000600500170001400800410003103500190007204000330009104100080012408200200013224501410015226001010029330000460039465000200044070000500046070000540051070000540056470000570061873000430067574000290071874000500074723043BD-RjUL20211209000902.0140310s1937 enkh 000 0 eng  a(BD-RjUL)23108 aDLCcCarPdDLCdBD-RjULbeng aeng04a829.1bEAR 193710aEarly English versions of the tales of Guiscardo and Ghismonda and Titus and Gisippus from the Decameron /cEdited by Herbert G. Wright. aLondon :bPub. for the Early English text society by H. Milford, Oxford university press,c1937. acxv, 256 p. :bfront. (facsim). ;c23 cm. 7aEnglish poetry.12aBanester, Gilbert,d-1487. [from old catalog]1 aWalter, William,dactive 1520. [from old catalog]1 aLewicke, Edward,dactive 1562. [from old catalog]1 aWright, Herbert G.q(Herbert Gladstone),d1888-eed.0 aTitus and Gisippus. [from old catalog]0 aGiuscardo and Gnismonda.0 aStatelie tragedie of Guiscardo and Ghismonda.